00493nam a22001577a 450000500170000001000150001702000260003203500130005803700130007108200130008410000210009724501010011826000340021927000600025330000220031320150901104602.0 aENG-111311 a9789383098576c295.00 aEN-94843 bDBAD/PUB a915.4045 aKampchen, Martin aThe hidden side of the moon : cby Martin Kampchenbmusings of a life between India and Europe / aNew DelhibNiyogi Booksc2014 aD-78, Okhla Industrial Area, Phase-IbNew Delhie110020 a214p. c22cm(pbk)